| 000 | 00790cam a22001571 4500 | ||
|---|---|---|---|
| 082 |
_a621.942 _bMOL _cL-24, P-14 |
||
| 100 | 1 | _aMolloy, Edward. | |
| 245 | 1 | 0 |
_aLathework, manual, semi-automatic, automatic; _ba practical guide to the use of the engine and toolroom lathe, and the setting and operation of capstan, turret, and automatic lathes. _cWith data on cemented carbide tools. Prepared by a staff of technical experts under the direction of E. Molloy. With one hundred and twenty-seven illustrations. |
| 260 |
_aBrooklyn, N.Y., _bChemical publishing company, inc., _c1941. |
||
| 300 |
_a112 p. _billus., diagrs. _c22 cm. |
||
| 490 | 0 | _aThe "Complete engineer" series, | |
| 526 |
_a0 _b0 _c0 _d621_942000000000000_MOL |
||
| 650 | 0 |
_aLathes. _942132 |
|
| 650 | 0 |
_aMCE _9379 |
|
| 942 |
_2ddc _cBK |
||
| 999 |
_c546077 _d546077 |
||